El paraíso perdido / (Record no. 104345)

MARC details
000 -LEADER
campo de control de longitud fija 00814nam a2200205 i 4500
001 - NÚMERO DE CONTROL
campo de control 104345
003 - IDENTIFICADOR DE NÚMERO DE CONTROL
campo de control ES-MaACL
005 - FECHA Y HORA DE LA ÚLTIMA TRANSACCIÓN
campo de control 20250829043551.0
007 - CAMPO FIJO DE DESCRIPCIÓN FÍSICA--INFORMACIÓN GENERAL
campo de control de longitud fija t|
008 - DATOS DE LONGITUD FIJA--INFORMACIÓN GENERAL
campo de control de longitud fija 051128s1932 sp ||||1| spa d
100 1# - ENTRADA PRINCIPAL--NOMBRE DE PERSONA
Nombre de persona Milton, John (
Fechas asociadas al nombre 1608-1674)
9 (RLIN) 81300
240 10 - TÍTULO UNIFORME
Título uniforme Paradise lost.
Lenguaje de la obra Español
245 13 - MENCIÓN DEL TÍTULO
Título El paraíso perdido /
Mención de responsabilidad, etc. John Milton ; edición ilustrada con numerosas láminas fuera de texto, debidas a los famosos artistas Flatters, Hernouvilleer, Lemercier, Richomme y Melin.
260 ## - PUBLICACIÓN, DISTRIBUCIÓN, ETC.
Lugar de publicación, distribución, etc. Barcelona :
Nombre del editor, distribuidor, etc. Iberia,
Fecha de publicación, distribución, etc. 1932 (
Fabricante Imp. Costa)
300 ## - DESCRIPCIÓN FÍSICA
Extensión 119 p., 11 h. de lám. ;
Dimensiones 27 cm.
490 1# - MENCIÓN DE SERIE
Mención de serie Las grandes obras maestras de la literatura universal
830 14 - PUNTO DE ACCESO ADICIONAL DE SERIE-TÍTULO UNIFORME
Título uniforme Las grandes obras maestras de la literatura universal
9 (RLIN) 184846
852 ## - LOCALIZACIÓN
Ubicación ES-MaACL
Número de control de estantería A-853
Holdings
Estatus retirado Estado de pérdida Estado de daño No para préstamo Biblioteca de origen Biblioteca actual Ubicación en estantería Fecha de adquisición Fuente de adquisición Total de préstamos Signatura topográfica completa Código de barras Visto por última vez Precio de reemplazo Tipo de ítem Koha
        Biblioteca del Ateneo de Madrid Biblioteca del Ateneo de Madrid Sala Pecera Planta 1 17/01/2008     A-853 1108947 23/02/2023 23/02/2023 Libro impreso